000 00334 a2200133 4500
000 nam a22 7a 4500
100 _aVarni, Ram Prakash
110 _aVarni, Ram Prakash
245 _aNirukt Vimarsha
250 _aLatest edition
260 _bParimal Publication
_c2025
264 _bParimal Publication
_c2025
942 _cBK
999 _c395887
_d395887